| 000 | 00536nam a22001817a 4500 | ||
|---|---|---|---|
| 003 | OSt | ||
| 005 | 20260421015528.0 | ||
| 008 | 260421b |||||||| |||| 00| 0 eng d | ||
| 020 | _a0-471-24374-4 | ||
| 040 |
_aDWCL-Main lib. _cOC |
||
| 082 | _aCirc. 608.73 Y85f 1998 | ||
| 100 | _aYoung, Jeffrey | ||
| 245 |
_aForbes: _b greatest technology stories/ _cJeffrey Young |
||
| 260 |
_aNew York : _b John Wiley & Sons, inc., _cc1998. |
||
| 300 |
_axi 368 p. ; _c23 cm. |
||
| 504 | _aInclude index. | ||
| 942 |
_2ddc _cBK-CIRC _hCirc. _n0 |
||
| 999 |
_c9519 _d9519 |
||